00389pab a2200133 454500008004000000100002100040245009000061260000900151300001300160362001200173650002000185650001700205773003300222180718b1996 xxu||||| |||| 00| 0 eng d aJoyce, Philip G. aCongressional budget reform: the unanticipated implications for federal policy making c1996 ap.317-25 aJul-Aug aNational budget aState budget aPublic Administration Review